MARC details
| 000 -LEADER |
| fixed length control field |
01824cam a22005171 4500 |
| 001 - CONTROL NUMBER |
| control field |
challengetoliber00hoov |
| 003 - CONTROL NUMBER IDENTIFIER |
| control field |
CaSfIA |
| 005 - DATE AND TIME OF LATEST TRANSACTION |
| control field |
20230525154952.0 |
| 007 - PHYSICAL DESCRIPTION FIXED FIELD--GENERAL INFORMATION |
| fixed length control field |
cr|||| |
| 008 - FIXED-LENGTH DATA ELEMENTS--GENERAL INFORMATION |
| fixed length control field |
730703s1934 nyu 000 0 eng |
| 010 ## - LIBRARY OF CONGRESS CONTROL NUMBER |
| LC control number |
34032879 |
| 040 ## - CATALOGING SOURCE |
| Original cataloging agency |
DLC |
| Transcribing agency |
DLC |
| Modifying agency |
EL$ |
| -- |
MUQ |
| -- |
OCLCQ |
| -- |
AGL |
| -- |
OCLCQ |
| -- |
OCLCG |
| -- |
CaSfIA |
| 016 7# - NATIONAL BIBLIOGRAPHIC AGENCY CONTROL NUMBER |
| Record control number |
CAT10500779 |
| Source |
DNAL |
| 019 ## - |
| -- |
4685799 |
| 035 ## - SYSTEM CONTROL NUMBER |
| System control number |
(OCoLC)242735 |
| Canceled/invalid control number |
(OCoLC)4685799 |
| 043 ## - GEOGRAPHIC AREA CODE |
| Geographic area code |
n-us--- |
| 050 00 - LIBRARY OF CONGRESS CALL NUMBER |
| Classification number |
JC599.U5 |
| Item number |
H6 |
| 070 0# - NATIONAL AGRICULTURAL LIBRARY CALL NUMBER |
| Classification number |
280.12 |
| Item number |
H76 |
| 072 #0 - SUBJECT CATEGORY CODE |
| Subject category code |
X800 |
| 082 00 - DEWEY DECIMAL CLASSIFICATION NUMBER |
| Classification number |
323.440973 |
| 029 1# - OTHER SYSTEM CONTROL NUMBER (OCLC) |
| OCLC library identifier |
NLGGC |
| System control number |
821069330 |
| 029 1# - OTHER SYSTEM CONTROL NUMBER (OCLC) |
| OCLC library identifier |
NZ1 |
| System control number |
3958453 |
| 029 1# - OTHER SYSTEM CONTROL NUMBER (OCLC) |
| OCLC library identifier |
AU@ |
| System control number |
000000631897 |
| 100 1# - MAIN ENTRY--PERSONAL NAME |
| Personal name |
Hoover, Herbert, |
| Dates associated with a name |
1874-1964. |
| 245 14 - TITLE STATEMENT |
| Title |
The challenge to liberty, |
| Medium |
[electronic resource] |
| Statement of responsibility, etc. |
by Herbert Hoover. |
| 260 ## - PUBLICATION, DISTRIBUTION, ETC. |
| Place of publication, distribution, etc. |
New York, |
| -- |
London, |
| Name of publisher, distributor, etc. |
C. Scribner's Sons, |
| Date of publication, distribution, etc. |
1934. |
| 300 ## - PHYSICAL DESCRIPTION |
| Extent |
2 p. l., 212 p. |
| Dimensions |
20 cm. |
| 530 ## - ADDITIONAL PHYSICAL FORM AVAILABLE NOTE |
| Additional physical form available note |
Also issued online. |
| 650 #0 - SUBJECT ADDED ENTRY--TOPICAL TERM |
| Topical term or geographic name entry element |
Individualism. |
| 650 #0 - SUBJECT ADDED ENTRY--TOPICAL TERM |
| Topical term or geographic name entry element |
Collectivism. |
| 650 #0 - SUBJECT ADDED ENTRY--TOPICAL TERM |
| Topical term or geographic name entry element |
Liberty. |
| 650 #0 - SUBJECT ADDED ENTRY--TOPICAL TERM |
| Topical term or geographic name entry element |
Liberalism |
| Geographic subdivision |
United States. |
| 650 #0 - SUBJECT ADDED ENTRY--TOPICAL TERM |
| Topical term or geographic name entry element |
Constitutional history |
| Geographic subdivision |
United States. |
| 651 #0 - SUBJECT ADDED ENTRY--GEOGRAPHIC NAME |
| Geographic name |
United States |
| General subdivision |
Economic policy |
| Chronological subdivision |
1933-1945. |
| 650 #4 - SUBJECT ADDED ENTRY--TOPICAL TERM |
| Topical term or geographic name entry element |
Colectivismo. |
| 650 #4 - SUBJECT ADDED ENTRY--TOPICAL TERM |
| Topical term or geographic name entry element |
Libertad. |
| 650 #6 - SUBJECT ADDED ENTRY--TOPICAL TERM |
| Topical term or geographic name entry element |
Individualisme. |
| 650 #6 - SUBJECT ADDED ENTRY--TOPICAL TERM |
| Topical term or geographic name entry element |
Collectivisme. |
| 650 #6 - SUBJECT ADDED ENTRY--TOPICAL TERM |
| Topical term or geographic name entry element |
Liberté. |
| 650 #6 - SUBJECT ADDED ENTRY--TOPICAL TERM |
| Topical term or geographic name entry element |
Libéralisme |
| Geographic subdivision |
États-Unis. |
| 651 #6 - SUBJECT ADDED ENTRY--GEOGRAPHIC NAME |
| Geographic name |
États-Unis |
| General subdivision |
Histoire constitutionnelle. |
| 651 #6 - SUBJECT ADDED ENTRY--GEOGRAPHIC NAME |
| Geographic name |
États-Unis |
| General subdivision |
Politique économique |
| Chronological subdivision |
1933-1945. |
| 776 08 - ADDITIONAL PHYSICAL FORM ENTRY |
| Relationship information |
Online version: |
| Main entry heading |
Hoover, Herbert, 1874-1964. |
| Title |
Challenge to liberty. |
| Place, publisher, and date of publication |
New York, London, C. Scribner's Sons, 1934 |
| Record control number |
(OCoLC)575035891 |
| 856 41 - ELECTRONIC LOCATION AND ACCESS |
| Uniform Resource Identifier |
<a href="http://www.archive.org/details/challengetoliber00hoov">http://www.archive.org/details/challengetoliber00hoov</a> |
| Public note |
Free eBook from the Internet Archive |
| 856 42 - ELECTRONIC LOCATION AND ACCESS |
| Uniform Resource Identifier |
<a href="http://www.openlibrary.org/books/OL6312071M">http://www.openlibrary.org/books/OL6312071M</a> |
| Public note |
Additional information and access via Open Library |